000 00407nam a2200133Ia 4500
005 20260326235455.0
008 260326s9999||||xx |||||||||||||| ||und||
100 _aArochi, Luis E.
245 0 _aCiudades Prehispánicas de México :
_b Tula, Teotihuacan, Monte Albán, Tajín y Chichen Itzá /
_cLuis E. Arochi
260 _bPanorama
300 _a305 p.
650 _aARQUITECTURA MESOAMÉRICANA
942 _cBK
999 _c7907
_d7907